000 01155nam a2200241Ia 4500
999 _c52906
_d52906
001 19936
003 GE_BSU
005 20200516213912.0
008 181216s1977||||ge |||||||||||||| ||geo||
040 _cGE_BSU
041 _ageo
080 _a091(=353.1)+ 811.353.1 ჭ-46
245 _aჭილ-ეტრატის იადგარი = Папирусно-Пергаментная минея /
_cგამოსცეს და გამოკვლევა დაურთეს : ა. შანიძემ, ა. მარტიროსოვმა. და ა.ჯიშიაშვილმა.
264 _aთბილისი :
_bმეცნიერება,
_c1977.
300 _a300 გვ. ;
_b8 ფ. ილ. ;
_c25 სმ.
490 _a(ძვ. ქართული ენის ძეგლები 15)
541 _h6ლ.20თ.
653 _aქართული ენა
653 _aქართული ხელნაწერები
653 _aქართული ენის ისტორიული გრამატიკა
653 _aხელნაწერები
942 _cBK
_2udc